| 000 | 00808nam a2200241 a 4500 | ||
|---|---|---|---|
| 005 | 20250214063748.0 | ||
| 008 | 060512s2001 mx r 000 0 spa d | ||
| 020 | _a8420634158 (v.1) | ||
| 035 | _aUPN01000144429 | ||
| 049 | _aCG | ||
| 050 | 4 |
_aPS2604 E8 _bC8.4 |
|
| 100 | 1 |
_aPoe, Edgar Allan, _d1809-1849 _929415 |
|
| 245 | 1 | 0 |
_aCuentos / _cEdgar Allan Poe ; pról., tr. y notas de Julio Cortázar. |
| 260 |
_aMadrid : _bAlianza, _c2001. |
||
| 300 | _a2 v. | ||
| 440 | 3 |
_aEl libro de bolsillo ; _v5506. _pLiteratura. Clásicos |
|
| 500 | _aLa biblioteca tiene el v.1 | ||
| 600 | 1 | 4 |
_aPoe, Edgar Allan, _d1809-1849 _xCrítica e interpretación _95237 |
| 650 | 4 |
_aCuentos de terror _92404 |
|
| 650 | 4 |
_aLiteratura estadounidense _95229 |
|
| 700 | 1 |
_aCortázar, Julio, _d1914-1984 _epról. |
|
| 905 | _aLibro | ||
| 999 |
_c116576 _d116576 |
||